000 00497nam a2200157 i 4500
001 23647
003 ES-MaACL
005 20230906152918.0
007 t|
008 021211s1947 xxu ||||1| eng d
245 0 0 _aAnchor in the sea
_b: an anthology of psychological fiction /
_cedited by Alan Swallow.
260 _aNew York :
_bThe Swallow Press and William Morrow and Comp.,
_c1947.
300 _a255 p. ;
_c21 cm.
700 1 _aSwallow, Alan.
_9108916
852 _aES-MaACL
_jC-25145
_bR.53936
999 _c23647
_d23647